=LDR 00000nam 2200000 4500 =001 INLIS000000000030949 =005 20251204034847 =035 ##$$a 0010-061300000030949 =008 251204###########################0#ind## =041 ##$$a ind =082 ##$$a 028.5 =090 ##$$a 028.5, Mua a =100 ##$$a Muakhir, Ali =245 1#$$a Awan hitam, /$c oleh Ali Muakhir ; penerjemah, Harisa Permatasari ; editor, Imran Laha =260 ##$:$b Jakarta =300 ##$$a 23 hlm, : $b ilus ; $c 16 cm =650 #4$$a Bacaan Kanak-kanak =850 ##$$a NBPNMAT =020 ##$$a 979-010-411-1 =084 ##$$a 028.5 MUA a =990 ##$$a 0277/BPAP-NTB/2016 =990 ##$$a 20901507 =990 ##$$a 20901510 =990 ##$$a 20901512